| 000 | 00598 a2200181 4500 | ||
|---|---|---|---|
| 999 |
_c182922 _d182922 |
||
| 005 | 20211210101503.0 | ||
| 010 | _aENG-130265 | ||
| 020 |
_c150.00 _a978-81-7966-517-6 |
||
| 035 | _aEN-113797 | ||
| 037 | _bDBAD / PUB | ||
| 082 | _a881 | ||
| 100 | _aChellaiah, Rajeswari | ||
| 245 |
_aMuthamizh Virumbi's The Shade of a Howering Tree: _cRajeswari Chellaiah |
||
| 260 |
_bEmerald Publishers _c2019 _aChennai |
||
| 270 |
_a15A, First Floor, Casa Major Road _minfo@emeraldpublishers.com _bChennai _e600008 |
||
| 300 |
_axiii, 125p. _c22cm (pbk) |
||
| 942 |
_adpl _cEN _2ddc _h881 _mCHE |
||